Termine les paroles - Ven1 - Statistiques

Statistiques générales
  • Ce quiz a été pris 37 fois
  • Le résultat moyen est 2 sur 7
Statistiques - réponses
Paroles Réponses % Correct
Mini Cooper, elle s'fait remarquerJupe en tailleur, elle dégaine… son prime
65%
Dans un monstre à quatre roues qui fait mouche, appuie sur le… bouton start
54%
Même le Valere, on l'a démodéOh mi amor, je m'éloigne de… ton odorat
50%
Tu vas rien nous apprendreon sait qu'la rue, c'est… létal
31%
t'as perdu tous les tiens, J'dois un amour inconditionnel… à yemma
23%
C'est pas tes mots qui vont m'adoucirUn peu… d’liqueur
8%
J'apporte ma pierre a l'édificeMais ces bâtards, ils font… l'indifférence
8%
Aucun quiz correspondant
Distribution des résultats
% des personnes avec chaque résultat
Percentile par nombre de réponses
Votre historique - résultats
Vous n’avez pas pris ce quiz